000 00959cam a22002538i 4500
999 _c57705
_d57705
001 18768584
005 20221107113353.0
008 150824s2016 nyu b 001 0 eng
010 _a 2015032679
020 _a9781259587702 (pbk. : alk. paper) 1
080 _a61+615.89 C-29
100 1 _aToy, Eugene C.,
_eauthor.
_99507
245 1 0 _aCase files.
_pFamily medicine /
_cEugene C. Toy, Donald Briscoe, Bruce Britton, Joel J. Heidelbaugh.
250 _aFourth edition.
264 1 _aNew York :
_bMcGraw-Hill Education,
_c[2016]
300 _a691 p.
_cill.
_b23 cm.
650 1 2 _aFamily Practice
_vProblems and Exercises.
_99509
653 _aსაოჯახო მედიცინა
700 1 _aToy Eugene
_eავტორი
_99510
700 1 _aBriscoe, Donald A.,
_eავტორი
_99511
700 1 _aBritton, Bruce,
_d1962- ,
_eავტორი
_99512
700 1 _aHeidelbaugh, Joel J.,
_eავტორი
_99513
942 _2udc
_cBK